| 000 | 00444nam a2200181Ia 4500 | ||
|---|---|---|---|
| 001 | 19555 | ||
| 005 | 20260306172702.0 | ||
| 008 | 260306t2015||||xx |||||||||||||| ||spa|| | ||
| 041 | _aESP | ||
| 082 |
_a340.4 _bH411 |
||
| 100 |
_aHaberle, Peter _eAUT |
||
| 245 | 0 |
_aPoesía y derecho constitucional: _buna conversación |
|
| 260 | _c2015 | ||
| 300 |
_a76 páginas : _c23 cm. |
||
| 650 | _aGEN | ||
| 654 | _aCDE | ||
| 942 |
_cLIB _dJUS _fJUS _2ddc _n |
||
| 999 |
_c19555 _d19555 |
||